Quality of urban design : a study of the involvement of private property decision-makers in urban design. (Record no. 94902)

MARC details
000 -LEADER
fixed length control field 01132cam a2200289 4500
008 - FIXED-LENGTH DATA ELEMENTS--GENERAL INFORMATION
fixed length control field 090401t1996 xxu||||| |||| 00| 0 eng d
020 ## - INTERNATIONAL STANDARD BOOK NUMBER
International Standard Book Number 0854067906
035 ## - SYSTEM CONTROL NUMBER
System control number (Sirsi) u66584
041 ## - LANGUAGE CODE
Language code of text/sound track or separate title eng
050 ## - LIBRARY OF CONGRESS CALL NUMBER
Classification number 711.58
090 ## - LOCALLY ASSIGNED LC-TYPE CALL NUMBER (OCLC); LOCAL CALL NUMBER (RLIN)
Classification number (OCLC) (R) ; Classification number, CALL (RLIN) (NR) RICS 1996/96ABCD
110 ## - MAIN ENTRY--CORPORATE NAME
Corporate name or jurisdiction name as entry element Royal Institution of Chartered Surveyors
9 (RLIN) 4900
245 ## - TITLE STATEMENT
Title Quality of urban design : a study of the involvement of private property decision-makers in urban design.
260 ## - PUBLICATION, DISTRIBUTION, ETC.
Place of publication, distribution, etc. London
Name of publisher, distributor, etc. RICS
Date of publication, distribution, etc. 1996
300 ## - PHYSICAL DESCRIPTION
Extent vi,91p. : ill. ; 30cm.
350 ## - PRICE (NR) (BK AM CF MU VM SE) [OBSOLETE]
Price 14.95
520 ## - SUMMARY, ETC.
Summary, etc. A research project carried out for the Department of the Environment and The Royal Institution of Chartered Surveyors by the Department of Land Management of Land Management and Development, University of Reading and DEGW. Copy D has revised front cover.
650 ## - SUBJECT ADDED ENTRY--TOPICAL TERM
Topical term or geographic name entry element QUALITY IN TOWN AND COUNTRY
650 ## - SUBJECT ADDED ENTRY--TOPICAL TERM
Topical term or geographic name entry element URBAN DESIGN
650 ## - SUBJECT ADDED ENTRY--TOPICAL TERM
Topical term or geographic name entry element URBAN DEVELOPMENT
690 ## - LOCAL SUBJECT ADDED ENTRY--TOPICAL TERM (OCLC, RLIN)
Topical term or geographic name as entry element BUILT ENVIRONMENT-CONSTRUCTION DESIGN
710 ## - ADDED ENTRY--CORPORATE NAME
Corporate name or jurisdiction name as entry element United Kingdom
Subordinate unit Department of the Environment
9 (RLIN) 982
710 ## - ADDED ENTRY--CORPORATE NAME
Corporate name or jurisdiction name as entry element University of Reading
9 (RLIN) 3273
710 ## - ADDED ENTRY--CORPORATE NAME
Corporate name or jurisdiction name as entry element DEGW
942 ## - ADDED ENTRY ELEMENTS (KOHA)
Suppress in OPAC 0
948 ## - LOCAL PROCESSING INFORMATION (OCLC); SERIES PART DESIGNATOR (RLIN)
c (OCLC) 04/03/1997
Holdings
Withdrawn status Lost status Source of classification or shelving scheme Damaged status Not for loan Home library Current library Shelving location Date acquired Cost, normal purchase price Total Checkouts Full call number Barcode Date last seen Copy number Cost, replacement price Price effective from Koha item type Date last checked out
    Dewey Decimal Classification     London London RICS Boxes 01/11/1996 14.95   RICS 1996/96 30050577 06/08/2019 1 14.95 06/08/2019 Archive  
    Dewey Decimal Classification     London London RICS Boxes 01/11/1996 14.95   RICS 1996/96 30050578 06/08/2019 2 14.95 06/08/2019 Reference material  
    Dewey Decimal Classification     London London RICS Boxes 01/11/1996 14.95 3 RICS 1996/96 30050579 06/08/2019 3 14.95 06/08/2019 Book 13/08/2003
    Dewey Decimal Classification     London London RICS Boxes 29/04/2008     RICS 1996/96 30074669 06/08/2019 4   06/08/2019 Reference material  
    Dewey Decimal Classification     London London RICS Boxes 14/09/1999 14.95 3 RICS 1996/96 30054299 06/08/2019 1 14.95 06/08/2019 Book 20/10/2006